000 00611nam a22002057a 4500
005 20260204080023.0
008 250212b |||||||| |||| 00| 0 eng d
020 _a978-981-4272-81-0
040 _cjhcsc
082 _a004
100 _97990
_aGeorge Reynolds, Ralph Stair
245 _aIntroduction to Information Systems
250 _aPhilippine Edition
260 _aPhilippines
_bC & E Publishing, Inc.
_c2009
300 _axii, 464pp
500 _aIncludes Bibliographical references and Index
650 _2information systems
700 _97990
_aGeorge Reynolds, Ralph Stair
942 _2ddc
_cBOOK
999 _c11320
_d11320